Bernafas Tanpamu / (Record no. 135879)

MARC details
000 -LEADER
fixed length control field 00812nam a2200265 i 4500
001 - CONTROL NUMBER
control field C2-0338586
003 - CONTROL NUMBER IDENTIFIER
control field PPAK
005 - DATE AND TIME OF LATEST TRANSACTION
control field 20201119123124.0
008 - FIXED-LENGTH DATA ELEMENTS--GENERAL INFORMATION
fixed length control field 161114s2016 my gr | 0 f may d
020 ## - INTERNATIONAL STANDARD BOOK NUMBER
International Standard Book Number 9789670718682
Qualifying information paperback
040 ## - CATALOGING SOURCE
Original cataloging agency PPAK
Language of cataloging eng
Transcribing agency PPAK
Description conventions rda
082 04 - DEWEY DECIMAL CLASSIFICATION NUMBER
Classification number 899.2333
Edition number 23
090 00 - LOCALLY ASSIGNED LC-TYPE CALL NUMBER (OCLC); LOCAL CALL NUMBER (RLIN)
Classification number (OCLC) (R) ; Classification number, CALL (RLIN) (NR) 899.2333
Feature heading XUA
Feature heading G
100 0# - MAIN ENTRY--PERSONAL NAME
Personal name Xuanza,
Relator term author.
245 10 - TITLE STATEMENT
Title Bernafas Tanpamu /
Statement of responsibility, etc. Xuanza ; Editor : Editorial Idea Kreatif
264 #1 - PRODUCTION, PUBLICATION, DISTRIBUTION, MANUFACTURE, AND COPYRIGHT NOTICE
Place of production, publication, distribution, manufacture Kajang, Selangor :
Name of producer, publisher, distributor, manufacturer Idea Kreatif Publication ,
Date of production, publication, distribution, manufacture, or copyright notice 2016
300 ## - PHYSICAL DESCRIPTION
Extent 567 pages :
Other physical details illustrations ;
Dimensions 18 cm
336 ## - CONTENT TYPE
Source rdacontent
Content type term text
337 ## - MEDIA TYPE
Source rdamedia
Media type term unmediated
338 ## - CARRIER TYPE
Source rdacarrier
Carrier type term volume
650 10 - SUBJECT ADDED ENTRY--TOPICAL TERM
Topical term or geographic name entry element Malay fiction.
700 0# - ADDED ENTRY--PERSONAL NAME
Personal name Editorial Idea Kreatif,
Relator term editor
710 2# - ADDED ENTRY--CORPORATE NAME
Corporate name or jurisdiction name as entry element Editorial Idea Kreatif,
Relator term editor.
942 ## - ADDED ENTRY ELEMENTS (KOHA)
Koha item type Book
Source of classification or shelving scheme Dewey Decimal Classification
Holdings
Withdrawn Not for loan Current library Shelving location Date acquired Total Checkouts Total Renewals Full call number Barcode Date last seen Date last checked out Koha item type
    Perpustakaan Alor Setar Pinjaman Dewasa 15/11/2016 6 2 899.233 XUA A01500088 27/10/2021 04/10/2021 Book
    Perpustakaan Bandar Baharu Pinjaman Dewasa 15/11/2016 2   899.233 XUA A01500095 03/11/2019 16/10/2019 Book
    Perpustakaan Jitra Pinjaman Dewasa 15/11/2016 1   899.233 XUA A01500090 24/02/2020 15/02/2020 Book
    Perpustakaan Kulim Pinjaman Dewasa 15/11/2016 10 3 899.233 XUA A01500091 20/06/2026 13/06/2026 Book
    Perpustakaan Langkawi Pinjaman Dewasa 15/11/2016 2 1 899.233 XUA A01500094 24/11/2019 30/09/2019 Book
    Perpustakaan Merbok Pinjaman Dewasa 15/11/2016 1   899.233 XUA A01500097 17/02/2019 03/02/2019 Book
    PD01, Kg. Bendang Raja, Kuala Nerang Pinjaman Dewasa 15/11/2016     899.233 XUA A01500113 09/05/2018   Book
    PD03, Kg. Pulau Pisang, Jitra Pinjaman Dewasa 15/11/2016     899.233 XUA A01500115 09/05/2018   Book
    PD05, Kg. Lindungan Raja, Kulim Pinjaman Dewasa 15/11/2016     899.233 XUA A01500098 09/05/2018   Book
    PD06, Kg. Kepala Bukit, Pendang Pinjaman Dewasa 15/11/2016     899.233 XUA A01500104 09/05/2018   Book
    PD07, Kg. Jelutong, Sik Pinjaman Dewasa 15/11/2016     899.233 XUA A01500109 09/05/2018   Book
    PD11, Felda Teloi Kanan, Kuala Ketil Pinjaman Dewasa 15/11/2016     899.233 XUA A01500110 09/05/2018   Book
    PD13, KEDA Lahar Tunjung, Pendang Pinjaman Dewasa 15/11/2016     899.233 XUA A01500105 09/05/2018   Book
    PD15, Kg. Naga, Kepala Batas Pinjaman Dewasa 15/11/2016     899.233 XUA A01500101 09/05/2018   Book
    PD19, KEDA Bendang Perang, Kota Setar Pinjaman Dewasa 15/11/2016     899.233 XUA A01500117 09/05/2018   Book
    PD21, Kg. Tengah, Jerlun Pinjaman Dewasa 15/11/2016     899.233 XUA A01500102 09/05/2018   Book
    PD23, Taman Mas Merah, Titi Gajah, Alor Setar Pinjaman Dewasa 15/11/2016     899.233 XUA A01500100 09/05/2018   Book
    PD25, KEDA Batu 13, Pokok Sena Pinjaman Dewasa 15/11/2016     899.233 XUA A01500107 09/05/2018   Book
    PD28, Kg. Paya Kerchut, Pendang Pinjaman Dewasa 15/11/2016     899.233 XUA A01500106 09/05/2018   Book
    PD36, Kg. Kuala Lanjut, Kota Star Pinjaman Dewasa 15/11/2016     899.233 XUA A01500103 09/05/2018   Book
    PD37, Kg. Belat, Pendang Pinjaman Dewasa 15/11/2016     899.233 XUA A01500099 09/05/2018   Book